000 00347nam a22001697a 4500
003 UA-OsUOA
001 3780
007 ta
008 20050721b un ||||| |||| 00| 0 ukr d
100 _aSlaughter
700 _aF. G.
942 _cBK
040 _aUA-OsUOA
_cUA-OsUOA
_dUA-OsUOA
245 _aThe Curse Of Jezebel
955 _a2
650 7 _2UDC
999 _c289942
_d289942